000 00627nam a2200229Ia 4500
003 OSt
005 20220928105002.0
006 a|||||r|||| 00| 0
007 ta
008 220927b |||||||| |||| 00| 0 eng d
024 _a27884
037 _cTextual
040 _aSDCL
_cSDCL
_beng
041 _2eng
_aeng
082 _aK:56, M2
100 _aHinde Robert A
_9413177
245 0 _aEthology
_b Its nature and relations with other science .
260 _aOxford
_bOxford University Press
_c1982
300 _a320p.
_ccm.
942 _hK:56, M2
_cTEXL
_2CC
999 _c728947
_d728947